000 00548nam a2200229Ia 4500
005 20251020182514.0
008 200515s9999 xx 000 0 und d
020 _a970-17-0137-2
082 _a658.118/L22
100 _aKuehl, Charles
100 _aLambing, Peggy
245 0 _aEmpresarios pequeños y medianos
260 _aMéxico, D.F.
260 _bPrentice Hall
260 _c1998
300 _a299 p.
500 _a1 ejemplar
650 _aEMPRESARIOS
650 _aPEQUEÑA Y MEDIANA EMPRESA
942 _cLIB
999 _c1517
_d1517